| 000 | 01120nam0a2200277 4500 | ||
|---|---|---|---|
| 001 | RU\NLR\bibl\1480965 | ||
| 005 | 20250616005536.0 | ||
| 021 |
_aRU _b2010-3700п _9160п |
||
| 035 | _a(NLR Aleph) 001472612 | ||
| 090 |
_a1653178 _c1653178 |
||
| 100 | _a20100304d2009 |||y0rusy50 ca | ||
| 101 | 0 | _arus | |
| 102 | _aRU | ||
| 105 | _ay ||||||||| | ||
| 200 | 1 |
_aПенсионное обеспечение: состояние и перспективы _e[право на социальное обеспечение, коллективные жалобы, запрет дискриминации] |
|
| 210 |
_aМосква _cПрофиздат _d2009 |
||
| 215 |
_a96 с. _d20 |
||
| 225 | 1 |
_aБиблиотечка профсоюзного актива и предпринимателей _vN°24, 2009 |
|
| 606 | 1 |
_aПенсионное обеспечение _jМеждународные договоры _91845417 _3RU\NLR\auth\66835778 |
|
| 686 | _aУ27(0)222я8 | ||
| 686 | _aХ916.202.1-32 | ||
| 801 | 0 |
_aRU _bNLR _c20100304 _gRCR |
|
| 801 | 1 |
_aRU _bNLR _c20100304 |
|
| 942 | _cBOOK | ||
| 980 | _aNB | ||